| 000 | 00785nam a2200229Ia 4500 | ||
|---|---|---|---|
| 001 | 10682 | ||
| 003 | GE_BSU | ||
| 008 | 181216s||||||||xx |||||||||||||| ||und|| | ||
| 040 | _cGE_BSU | ||
| 080 | _a821.353.1-1 | ||
| 100 | _aფორჩხიძე,შალვა | ||
| 245 | _aჟამი ამზევების. | ||
| 245 | _bლექსები | ||
| 245 | _cწინასიტყვ.ნ.აგიაშვილისა;რედ.მილიცა ჯაფარიძე;მხატვ.დავით დუნდუა. | ||
| 260 | _aთბილისი. | ||
| 260 | _bმერანი. | ||
| 260 | _c1970. | ||
| 300 | _a287გვ.17სმ. | ||
| 300 | _e1ფ.პორტრ. | ||
| 653 | _aჟამი ამზევების. | ||
| 942 | _cBK | ||
| 999 |
_c43933 _d43933 |
||